000 00464nam a2200121Ia 4500
008 220620s9999||||xx |||||||||||||| ||und||
100 _aHoward-Wagner, Deirdre
245 0 _aIndigenous Invisibility in the City
_bSuccessful Resurgence and Community Development Hidden in Plain Sight
546 _aEnglish[eng]
650 _aSociety and culture: general;Sociology
856 _uhttps://library.oapen.org/bitstream/20.500.12657/42709/1/9780429014550.pdf
942 _cEB
999 _c32887
_d32887